Fast Food Restaurant by Burger Quiz Stats

 Plays Quiz Updated Aug 15, 2013

Support Sporcle.
Go Orange.
Score 0/9 Timer 02:00
21 Plays Today
Restaurant % Correct
McDonald's (Big Mac)
98.3%
Burger King (Whopper)
94.7%
Wendy's (Classic Single)
88.9%
White Castle (Slider)
67.8%
Arby's (Roastburger)
58.8%
In-N-Out Burger (Double Double)
30.6%
Hardee's (Big Twin)
25.9%
Jack in the Box (Bonus Jack)
14.6%
Checkers (Big Buford)
10%

You're not logged in!

Compare scores with friends on all Sporcle quizzes.
OR
Log In

From the Vault

MCU Villains by Total Screen Time

by I-Am-Batman

If they're doing such evil stuff on-screen, can you imagine the awful things they must do off-screen?
Remove Ads.
Support Sporcle.
Get the best of Sporcle when you Go Orange. This ad-free experience offers more features, more stats, and more fun while also helping to support Sporcle. Thank you for becoming a member.

Show Comments

Extras

Top Quizzes Today


Score Distribution

Your Account Isn't Verified!

In order to create a playlist on Sporcle, you need to verify the email address you used during registration. Go to your Sporcle Settings to finish the process.

Report this User

Report this user for behavior that violates our Community Guidelines.

Details: